| 000 | 01204naa a22003377a 4500 | ||
|---|---|---|---|
| 001 | BR9607886 | ||
| 003 | BR-BrBNA | ||
| 005 | 20240918181604.0 | ||
| 007 | ta | ||
| 008 | 230509b bl.||||| |||| 00| 0 por d | ||
| 040 |
_aBR-BrBNA _bpor _cBiblioteca Nacional de Agricultura |
||
| 041 | _a(Pt) | ||
| 072 |
_aQ02; Q04 _b9410 _b5250 |
||
| 090 | _aQ02 BR9607886 | ||
| 100 | 1 | _aMendes, E.S. | |
| 100 | 1 | _aLima, E.C. | |
| 100 | 1 | _aSantos Neto, T.M. | |
| 100 | 1 | _aSena, J.J. | |
| 111 | 1 |
_a13. Congresso Nacional de Laticinios _cJuiz de Fora, MG (Brazil) _d17-21 Jul 1995 |
|
| 245 | 1 | _aCaracteristicas fisicas, quimicas e microbiologicas do leite de cabra pasteurizado no municipio de Recife | |
| 260 | 3 |
_aJuiz de Fora, MG (Brasil): _c1995. |
|
| 500 | _aAnais do 13. Congresso Nacional de Laticinios Juiz de Fora, MG (Brasil): 1995. p. 283-286 (BR9607886-AM)Q02 | ||
| 650 | _aLeite de Cabra | ||
| 650 | _aAnalise Quimica | ||
| 650 | _aAcidez | ||
| 650 | _aAnalise Bacteriologica | ||
| 650 | _aPernambuco | ||
| 773 | 0 |
_tAnais do 13. Congresso Nacional de Laticinios _wQ02 BR9607886 _gJuiz de Fora, MG (Brasil), 1995. p. 283-286 |
|
| 909 |
_a202404 _bLucia _c55 _dLucia Elande |
||
| 942 |
_cAM _2AGRIS |
||
| 999 |
_c325974 _d325974 |
||